Fundamental Methods of Mathematical Economics (Record no. 11172)
[ view plain ]
| 000 -LEADER | |
|---|---|
| fixed length control field | 00514nam a22001817a 4500 |
| 003 - CONTROL NUMBER IDENTIFIER | |
| control field | OSt |
| 008 - FIXED-LENGTH DATA ELEMENTS--GENERAL INFORMATION | |
| fixed length control field | 220420b ||||| |||| 00| 0 eng d |
| 020 ## - INTERNATIONAL STANDARD BOOK NUMBER | |
| International Standard Book Number | 9781259097348 |
| 082 ## - DEWEY DECIMAL CLASSIFICATION NUMBER | |
| Classification number | 330.0151 CHF |
| 100 ## - MAIN ENTRY--PERSONAL NAME | |
| Personal name | CHIANG, Alpha C. & WAINWRIGHT, Kevin |
| 245 ## - TITLE STATEMENT | |
| Title | Fundamental Methods of Mathematical Economics |
| 250 ## - EDITION STATEMENT | |
| Edition statement | 4th Edition |
| 260 ## - PUBLICATION, DISTRIBUTION, ETC. (IMPRINT) | |
| Place of publication, distribution, etc | Chennai |
| Name of publisher, distributor, etc | TMH |
| Date of publication, distribution, etc | 2022 |
| 300 ## - PHYSICAL DESCRIPTION | |
| Extent | 688 |
| 650 ## - SUBJECT ADDED ENTRY--TOPICAL TERM | |
| Topical term or geographic name as entry element | Fundamental Methods of Mathematical Economics Economics |
| 700 ## - ADDED ENTRY--PERSONAL NAME | |
| Personal name | WAINWRIGHT, Kevin |
| 942 ## - ADDED ENTRY ELEMENTS (KOHA) | |
| Source of classification or shelving scheme | Dewey Decimal Classification |
| Koha item type | Text Books |
| 942 ## - ADDED ENTRY ELEMENTS (KOHA) | |
| -- | 1 |
| Withdrawn status | Lost status | Source of classification or shelving scheme | Damaged status | Not for loan | Collection code | Home library | Current library | Date acquired | Source of acquisition | Currency | Cost, normal purchase price | Bill Number | Total Checkouts | Full call number | Acc. no. / Barcode | Date last seen | Actual Cost, discounted price | Bill Date | Koha item type | Date last borrowed |
|---|---|---|---|---|---|---|---|---|---|---|---|---|---|---|---|---|---|---|---|---|
| Dewey Decimal Classification | B.Com | PIET NCR College Library | PIET NCR College Library | 20/04/2022 | Kirti Prakashan | Indian Rup | 845.00 | 2022-04-18 | 330.0151 CHF | N2458 | 20/04/2022 | 574.60 | 18/04/2022 | Text Books | ||||||
| Dewey Decimal Classification | B.Com | PIET NCR College Library | PIET NCR College Library | 20/04/2022 | Kirti Prakashan | Indian Rup | 845.00 | 2022-04-18 | 330.0151 CHF | N2459 | 20/04/2022 | 574.60 | 18/04/2022 | Text Books | ||||||
| Dewey Decimal Classification | B.Com | PIET NCR College Library | PIET NCR College Library | 20/04/2022 | Kirti Prakashan | Indian Rup | 845.00 | 2022-04-18 | 2 | 330.0151 CHF | N2460 | 23/03/2023 | 574.60 | 18/04/2022 | Text Books | 06/03/2023 | ||||
| Dewey Decimal Classification | B.Com | PIET NCR College Library | PIET NCR College Library | 20/04/2022 | Kirti Prakashan | Indian Rup | 845.00 | 2022-04-18 | 330.0151 CHF | N2461 | 20/04/2022 | 574.60 | 18/04/2022 | Text Books | ||||||
| Dewey Decimal Classification | B.Com | PIET NCR College Library | PIET NCR College Library | 20/04/2022 | Kirti Prakashan | Indian Rup | 845.00 | 2022-04-18 | 330.0151 CHF | N2462 | 20/04/2022 | 574.60 | 18/04/2022 | Text Books |